| 000 | 00655nam a2200193 i 4500 | ||
|---|---|---|---|
| 001 | 182355 | ||
| 003 | ES-MaACL | ||
| 005 | 20260305063023.0 | ||
| 008 | 130806s1977 sp | |||| ||spa d | ||
| 080 | _a811.361 | ||
| 100 | 1 |
_aIrigoien, Alfonso, _d1929-1996 _9153171 |
|
| 245 | 1 | 0 |
_aAlgunas consideraciones sobre onomástica personal vasca / _c[Alfonso Irigoyen]. |
| 260 |
_a[Bilbo : _bEuskaltzaindia, _c1977] |
||
| 300 |
_aP. 561-631 ; _c22 cm. |
||
| 595 | _aSeparata de : Euskera. 22 (uztailetik-abendura 1977) | ||
| 650 |
_aLengua vasca. _914329 |
||
| 852 |
_aES-MaACL _j2319-F-15 _z.- Donativo viudad de Tovar |
||
| 999 |
_c182355 _d182355 |
||